A biztonság bizonytalansága

Elmentve itt :
Bibliográfiai részletek
Szerző: Tőrös Róbert
További közreműködők: Teller Ede
Zeley László
Dokumentumtípus: Cikk
Megjelent: 1992
Sorozat:Iskolakultúra 2 No. 17-18
Kulcsszavak:Atomenergia-kutatás története interjúk - könyvismertetés, Atombomba - USA - története - interjúk- könyvismertetés, Atomfegyver - USA - története - interjú - könyvismertetés
Online Access:http://misc.bibl.u-szeged.hu/43386
LEADER 00817nab a2200205 i 4500
001 misc43386
005 20191106141331.0
008 180824s1992 hu o 0|| zxx d
022 |a 1215-5233 
040 |a SZTE Miscellanea Repozitórium  |b hun 
041 |a zxx 
100 1 |a Tőrös Róbert 
245 1 2 |a A biztonság bizonytalansága  |h [elektronikus dokumentum] /  |c  Tőrös Róbert 
260 |c 1992 
300 |a 74-77 
490 0 |a Iskolakultúra  |v 2 No. 17-18 
695 |a Atomenergia-kutatás története interjúk - könyvismertetés, Atombomba - USA - története - interjúk- könyvismertetés, Atomfegyver - USA - története - interjú - könyvismertetés 
700 0 1 |a Teller Ede 
700 0 1 |a Zeley László 
856 4 0 |u http://misc.bibl.u-szeged.hu/43386/1/iskolakultura_1992_017_018_074-077.pdf  |z Dokumentum-elérés